MARC details
| 000 -LEADER |
| campo de control de longitud fija |
02817nka a2200385 i 4500 |
| 001 - NÚMERO DE CONTROL |
| campo de control |
102937 |
| 003 - IDENTIFICADOR DE NÚMERO DE CONTROL |
| campo de control |
ES-MaACL |
| 005 - FECHA Y HORA DE LA ÚLTIMA TRANSACCIÓN |
| campo de control |
20250822063150.0 |
| 007 - CAMPO FIJO DE DESCRIPCIÓN FÍSICA--INFORMACIÓN GENERAL |
| campo de control de longitud fija |
t| |
| 008 - DATOS DE LONGITUD FIJA--INFORMACIÓN GENERAL |
| campo de control de longitud fija |
051220q1793 sp | |r||1c|spa d |
| 100 1# - ENTRADA PRINCIPAL--NOMBRE DE PERSONA |
| Nombre de persona |
Ametller Rotllan, Blas, |
| Fechas asociadas al nombre |
1768-1841 |
| Término indicativo de función/relación |
Grabador |
| 9 (RLIN) |
158866 |
| 245 14 - MENCIÓN DEL TÍTULO |
| Título |
[El aguador de Sevilla] |
| Medio |
[Material gráfico] / |
| Mención de responsabilidad, etc. |
Velazquez lo pinto , Leon Bueno lo dibujó ; Blas Ametller lo grabó en Madrid baxo la dirección de Dn. M.S. Carmona |
| 260 ## - PUBLICACIÓN, DISTRIBUCIÓN, ETC. |
| Lugar de publicación, distribución, etc. |
[S.l. : |
| Nombre del editor, distribuidor, etc. |
s.n., |
| Fecha de publicación, distribución, etc. |
ca. 1793] |
| 300 ## - DESCRIPCIÓN FÍSICA |
| Extensión |
1 estampa : |
| Otras características físicas |
grabado calcográfico ; |
| Dimensiones |
450 x 330 mm |
| 490 1# - MENCIÓN DE SERIE |
| Mención de serie |
Colección facticia de grabados ; |
| Designación de volumen o secuencia |
17 |
| RLIN |
184692 |
| 500 ## - NOTA GENERAL |
| Nota general |
Inscripción: "Este quadro del Aguador de Sevilla, pintado por D. Diego Velazquez segun su primer estilo, dá á conocer, como notó el Caballero Mengs, el cuidado con el que se sujetó en sus principios aquel gran Pintor á la imitación del natural. Tiene tres pies de rey y quatro pulgadas de alto, y de ancho dos pies y seis pulgadas: está en el Real Palacio de Madrid" |
| 500 ## - NOTA GENERAL |
| Nota general |
Estampa que reproduce la pintura de Velázquez que se conservaba en el Palacio Real de Madrid, hoy en la Apsley House de Londres. Ametller grabó la plancha de cobre en 1793, por la que cobró 12.000 reales, a partir de un dibujo de León Bueno |
| 520 ## - RESUMEN, ETC. |
| Sumario, etc. |
Estampa que reproduce el famoso "Aguador de Sevilla", una de las obras fundamentales del naturalismo Barroco sevillano y una de las más importantes de la primera etapa de Velázquez. La cuidada ejecución de Ametller consigue un acercamiento bastante fiel al lienzo original, siendo una muestra excepcional de los resultados conseguidos por los grabadores académicos de finales del XVIII en el manejo del buril. |
| 530 ## - NOTA DISPONIBLE DE FORMULARIO FÍSICO ADICIONAL |
| Nota de formato físico adicional disponible |
Disponible en formato digital |
| 600 14 - PUNTO DE ACCESO ADICIONAL DE MATERIA--NOMBRE DE PERSONA |
| Nombre de persona |
Velázquez, Diego, |
| Fechas asociadas al nombre |
1599-1660. |
| Título de la obra |
El aguador de Sevilla |
| 9 (RLIN) |
241812 |
| 650 #7 - PUNTO DE ACCESO ADICIONAL DE MATERIA--TÉRMINO DE MATERIA |
| Término de materia o nombre geográfico como elemento de entrada |
Aguadores |
| Fuente del encabezamiento o término |
embne |
| 9 (RLIN) |
241969 |
| 655 #7 - TERMINO DE INDIZACIÓN--GENERO/FORMA |
| Datos o término principal de género/forma |
Grabados calcográficos |
| Fuente del término |
tgfbne |
| 9 (RLIN) |
241761 |
| 655 #7 - TERMINO DE INDIZACIÓN--GENERO/FORMA |
| Datos o término principal de género/forma |
Grabados |
| Fuente del término |
tgfbne |
| 9 (RLIN) |
226846 |
| 655 #4 - TERMINO DE INDIZACIÓN--GENERO/FORMA |
| Datos o término principal de género/forma |
Reproducciones de obras de arte |
| 9 (RLIN) |
241931 |
| 700 1# - ENTRADA AGREGADA--NOMBRE PERSONAL |
| Nombre de persona |
Velázquez, Diego, |
| Fechas asociadas al nombre |
1599-1660 |
| Término indicativo de función/relación |
Artista |
| 9 (RLIN) |
113793 |
| 700 1# - ENTRADA AGREGADA--NOMBRE PERSONAL |
| Nombre de persona |
Bueno, León, |
| Fechas asociadas al nombre |
s. XVIII |
| Término indicativo de función/relación |
Dibujante |
| 9 (RLIN) |
32380 |
| 700 1# - ENTRADA AGREGADA--NOMBRE PERSONAL |
| Nombre de persona |
Salvador Carmona, Manuel, |
| Fechas asociadas al nombre |
1734-1820 |
| Término indicativo de función/relación |
Director |
| 9 (RLIN) |
102084 |
| 830 #0 - PUNTO DE ACCESO ADICIONAL DE SERIE-TÍTULO UNIFORME |
| Título uniforme |
Colección facticia de grabados ; |
| Designación de volumen o secuencia |
17 |
| 9 (RLIN) |
184692 |
| 852 4# - LOCALIZACIÓN |
| Ubicación |
ES-MaACL |
| Ubicación en estantería |
Depósito 2 |
| Número de control de estantería |
GF-2(17) |
| 856 4# - LOCALIZACIÓN Y ACCESO ELECTRÓNICOS |
| Identificador Uniforme de Recursos |
<a href="https://www.bibliotecadigitaldeandalucia.es/catalogo/es/consulta/registro.do?id=1013935">https://www.bibliotecadigitaldeandalucia.es/catalogo/es/consulta/registro.do?id=1013935</a> |
| Texto de enlace |
Versión en línea |
| Nota pública |
(Biblioteca Digital de Andalucía) |
| 856 4# - LOCALIZACIÓN Y ACCESO ELECTRÓNICOS |
| Identificador Uniforme de Recursos |
<a href="https://ceres.mcu.es/pages/ResultSearch?txtSimpleSearch=El%20Aguador%20de%20Sevilla&simpleSearch=0&hipertextSearch=1&search=simpleSelection&MuseumsSearch=MJ%7C&MuseumsRolSearch=2&">https://ceres.mcu.es/pages/ResultSearch?txtSimpleSearch=El%20Aguador%20de%20Sevilla&simpleSearch=0&hipertextSearch=1&search=simpleSelection&MuseumsSearch=MJ%7C&MuseumsRolSearch=2&</a> |
| Texto de enlace |
Versión en línea |
| Nota pública |
(CER.es (Colecciones en Red)) |
| 942 ## - ELEMENTOS DE ENTRADA SECUNDARIOS (KOHA) |
| Fuente del sistema de clasificación o colocación |
Clasificación decimal universal |
| Tipo de ítem Koha |
Grabado |
| Suprimir en OPAC |
No |